000 00491nam a22001817a 4500
005 20260330145057.0
008 260330b |||||||| |||| 00| 0 eng d
020 _a978-93-5270-591-7
100 _aGOLWALLA, ASPI F.
245 _aA HANDBOOK OF EMERGENCIES
250 _a9TH ED
260 _aNEW DELHI
_bJAYPEE BROTHERS MEDICAL PUBLISHERS
_c2019
300 _aXVI, 566P.
500 _aINCLUDES INDEX
650 _aEMERGENCY MEDICINE
700 _aGOLWALLA, SHARUKH
942 _2lcc
_cBK
999 _c216900
_d216900